Atlanta Hawks: Most Dunks Each Year - Statistics

General Stats
  • This quiz has been taken 260 times
    76 since last reset
  • The average score is 16 of 23
Answer Stats
Year Player Dunks % Correct
2014-2015 Al Horford 81
93%
2015-2016 Al Horford 84
93%
2020-2021 Clint Capela 168
91%
2021-2022 Clint Capela 164
91%
2022-2023 Clint Capela 146
91%
2023-2024 Clint Capela 144
91%
2004-2005 Josh Smith 114
72%
2005-2006 Josh Smith 75
72%
2006-2007 Josh Smith 101
72%
2007-2008 Josh Smith 109
72%
2008-2009 Josh Smith 102
72%
2009-2010 Josh Smith 134
72%
2010-2011 Josh Smith 98
72%
2011-2012 Josh Smith 83
72%
2012-2013 Josh Smith 123
72%
2013-2014 Paul Millsap 34
71%
2017-2018 John Collins 123
67%
2018-2019 John Collins 157
67%
2019-2020 John Collins 117
67%
2016-2017 Dwight Howard 199
48%
2001-2002 Shareef Abdur-Rahim 99
17%
2002-2003 Shareef Abdur-Rahim 93
17%
2003-2004 Theo Ratliff 53
10%
No matching quizzes found
Score Distribution
Percent of People with Each Score
Percentile by Number Answered
Your Score History
You have not taken this quiz since the last reset